| 000 | 01405nam0a2200313 4500 | ||
|---|---|---|---|
| 001 | RU\NLR\BIBL_A\011927815 | ||
| 005 | 20190212114711.0 | ||
| 010 |
_a978-5-905115-42-4 _9300 |
||
| 021 |
_aRU _bКН-П-18-100726 _9КН-П-18-7308 |
||
| 035 | _a(NLR Aleph) 011927815 | ||
| 035 | _a(RuMoRGB)009852449 | ||
| 090 |
_a11022257 _c11022257 |
||
| 100 | _a20190205d2015 u y0rusy50 ca | ||
| 101 | 0 | _arus | |
| 102 | _aRU | ||
| 105 | _ay|||z|||000gy | ||
| 200 | 1 |
_aЗеркала в зеркалах _eстихи _e[сборник] _fНаталья Ахпашева _g[графические работы художника Виталия Кызласова] |
|
| 210 |
_aАбакан _cДом литераторов Хакасии _d2015 |
||
| 215 |
_a119, [1] с. _cил. _d21 |
||
| 327 | 1 | _aСодерж.: циклы: Взаимосвязь; Ведать цену счастья; Искусство выживать; Оправданье судьбы; Исходный код; По следу хайджи | |
| 686 | 2 | _aШ6(2=Х)7-5 | |
| 700 | 1 |
_aАхпашева _bН. М. _f1960- _gНаталья Марковна |
|
| 702 | 1 |
_aКызласов _bВ. Н. _gВиталий Н _4040 |
|
| 942 | _cBOOK | ||
| 980 | _aNBR | ||
| 980 | _aNB | ||